Catálogo
 En Linea

Comentarios a la ley orgánica del sistema de seguridad social integral / (Registro nro. 24125)

Detalles MARC
000 -CABECERA
campo de control de longitud fija 00814nam a2200205 a 4500
001 - NÚMERO DE CONTROL
campo de control 000024632
005 - FECHA Y HORA DE LA ÚLTIMA TRANSACCIÓN
campo de control 20240422203112.0
008 - DATOS DE LONGITUD FIJA--INFORMACIÓN GENERAL
campo de control de longitud fija 110127s2001 ve r 000 | spa d
020 ## - NÚMERO INTERNACIONAL ESTÁNDAR DEL LIBRO
Número Internacional Estándar del Libro 9800018549
040 ## - FUENTE DE LA CATALOGACIÓN
Centro catalogador/agencia de origen DO-SdBNP
Lengua de catalogación spa
Centro/agencia transcriptor BNPHU
082 ## - NÚMERO DE LA CLASIFICACIÓN DECIMAL DEWEY
Número de clasificación 362
Número de documento/Ítem M538c
100 1# - ENTRADA PRINCIPAL--NOMBRE DE PERSONA
Nombre de persona Méndez Cegarra, Absalón
9 (RLIN) 50517
245 10 - MENCIÓN DE TÍTULO
Título Comentarios a la ley orgánica del sistema de seguridad social integral /
Mención de responsabilidad, etc. Absalón Méndez Cegarra.
260 ## - PUBLICACIÓN, DISTRIBUCIÓN, ETC.
Lugar de publicación, distribución, etc. Caracas, Venezuela :
Nombre del editor, distribuidor, etc. Comisión de Estudios de Postgrado, Facultad de Ciencias Económicas y Sociales, Universidad Central de Venezuela,
Fecha de publicación, distribución, etc. 2001.
300 ## - DESCRIPCIÓN FÍSICA
Extensión 156 p. ;
Dimensiones 21 cm.
500 ## - NOTA GENERAL
Nota general Incluye referencias bibliográficas y notas al pie de las páginas
650 #0 - PUNTO DE ACCESO ADICIONAL DE MATERIA--TÉRMINO DE MATERIA
Término de materia o nombre geográfico como elemento de entrada Problemas sociales
9 (RLIN) 9290
650 #4 - PUNTO DE ACCESO ADICIONAL DE MATERIA--TÉRMINO DE MATERIA
Término de materia o nombre geográfico como elemento de entrada Bienestar familiar
9 (RLIN) 50518
650 #4 - PUNTO DE ACCESO ADICIONAL DE MATERIA--TÉRMINO DE MATERIA
Término de materia o nombre geográfico como elemento de entrada Servicio social
9 (RLIN) 50145
Existencias
Estado de retiro Estado de pérdida Restricciones de uso No para préstamo Código de colección Localización permanente Ubicación/localización actual Ubicación en estantería Fecha de adquisición Número de inventario Total de préstamos Signatura topográfica completa Código de barras Fecha visto por última vez Precio válido a partir de Tipo de ítem Koha
        Monografías: Libros y Folletos General General En catalogación 01.02.2011 LF1   362 M538c 24632-10 25.06.2020 25.06.2020 Préstamo en sala
        Monografías: Libros y Folletos General General Orden iniciada 02.06.2017 LF1   362 M538c 24632-20 25.06.2020 25.06.2020 No se presta

Con tecnología Koha